000 00848nmc a2200313 a 4500
003 AR-BaBNM
005 20251128210853.0
008 031020s2000 ||||||||||||||000 | spa||
020 _a950-581-083-0
040 _cAR-BaBNM
100 1 _aDenevi, Marco
_d1922-1998
245 1 0 _aRosaura a las diez
250 _a1ª ed.
260 _aBuenos Aires
_bEdiciones Colihue
_c2000
300 0 _a221 p.
490 0 _aLeer y crear
_vv. 83
500 0 _aContiene referencias bibliográficas
500 0 _aPropuestas de trabajo para los alumnos
650 4 _aLITERATURA ARGENTINA
650 4 _aESCRITORES
650 4 _aLITERATURA CONTEMPORANEA
653 0 _aNARRATIVA
653 0 _aNOVELA POLICIAL
653 0 _aEDUCACION SECUNDARIA
655 _aLITERATURA
800 1 _aPetruzzi, Herminia
_edirector
942 _cBK
998 _cMARTIN
999 _c17242
_d17242